00750nam a22002297a 450000500170000001000150001702000230003202000260005503500130008103700180009408200080011210000250012024500840014526000450022927000660027430000250034049000280036550000410039350000510043465000150048570000200050020151106171952.0 aENG-113974 c450.00a0198075979 c450.00a9780198075974 aEN-97506 bDBAD/PUBadpl a301 a Béteille, André aAnti-Utopia :cedited by Dipankar Guptabessential writings of Andre Beteille / aNew DelhibOxford University Pressc2011 aYMCA Library Building, 1, Jai Singh Road, bNew Delhie110001 axii,494p.c22cm(pbk) aOxford India paperbacks aReprint. Originally published: 2005. aIncludes bibliographical references and index. aSociology. aGupta, Dipankar